The secret club. (Record no. 114218)
[ view plain ]
| 000 -LEADER | |
|---|---|
| fixed length control field | 00334nam a2200133 a 4500 |
| 005 - DATE AND TIME OF LATEST TRANSACTION | |
| control field | 20140414132053.0 |
| 008 - FIXED-LENGTH DATA ELEMENTS--GENERAL INFORMATION | |
| fixed length control field | 110714s19uu xx 00 eng d |
| 050 ## - LIBRARY OF CONGRESS CALL NUMBER | |
| Classification number | FIC |
| Item number | P41 2006 |
| 100 ## - MAIN ENTRY--PERSONAL NAME | |
| Personal name | Perry, Chrissie |
| 245 ## - TITLE STATEMENT | |
| Title | The secret club. |
| 260 ## - PUBLICATION, DISTRIBUTION, ETC. (IMPRINT) | |
| Place of publication, distribution, etc | US : |
| Name of publisher, distributor, etc | Feiwel @ Friends, |
| Date of publication, distribution, etc | 2006. |
| 440 ## - SERIES STATEMENT/ADDED ENTRY--TITLE | |
| Title | Fairy Blossoms |
| Withdrawn status | Lost status | Damaged status | Home library | Current library | Shelving location | Date acquired | Source of acquisition | Total Checkouts | Full call number | Barcode | Date last seen | Price effective from | Koha item type |
|---|---|---|---|---|---|---|---|---|---|---|---|---|---|
| Munich Library | Munich Library | Fiction Section | 07/14/2011 | FIC P41 2006 | M5973 | 04/14/2014 | 04/14/2014 | Books |